| 000 | 01461nam a2200217Ia 4500 | ||
|---|---|---|---|
| 003 | Ost | ||
| 005 | 20260507075052.0 | ||
| 008 | 260507s9999||||xx |||||||||||||| ||und|| | ||
| 020 | _a9772790904 | ||
| 040 | _cfsecg | ||
| 041 | _aara | ||
| 082 | _a658.8 | ||
| 100 |
_aعيد، يحيى سعيدعلي _eمؤلف |
||
| 245 | 0 |
_aالتسويق الدولي والمصدر الناجح / _c يحيى سعيدعلي عيد |
|
| 260 |
_aالقاهرة: _bدار الأمين للطباعة والنشر, _c1997 |
||
| 300 |
_a394 صفحة؛ _bإيضاحات ؛ _c24 سم |
||
| 504 | _aالمراجع ص.391 | ||
| 520 | _aالتسويق الدولي، التعاقدات في السوق الدولي، الاتفاقات التفضيلية، التسويق الدولي والمصدر الناجح، أنواع التعاقدات في السوق الدولي، الاتفاقات التفضيلية، القرارات المتعلقة لالمنتج في السوق الدولي، اعتبارات التسفير في الأسواق الخارجية، خيارات التوزيع في السوق الدولي، القرارات المتعلقة بالترويج في السوق الدولي، بحوث التسويق الخارجي، تمويل عمليات التسويق الدولي، المفاوضات التجارية، امكانات الاستفادة من التجربة اليابانية | ||
| 653 | _aالتسويق الدولي | ||
| 942 | _cكتاب | ||
| 999 |
_c42675 _d42675 |
||